000 00759nam a2200265Ia 4500
003 OSt
005 20221005090452.0
006 a|||||r|||| 00| 0
007 ta
008 221004b |||||||| |||| 00| 0 eng d
020 _a0824701305
024 _a26121
037 _cTextual
040 _aCRL
_cCRL
_beng
041 _2eng
_aeng
082 _aLZ3, N8
100 _aChow Shein-Chung Editor
_9615319
245 0 _aDesign and analysis of animal studies in pharmaceutical development
260 _aNew York
_bMarcel Dekker
_c1998
300 _a407p.
_ccm.
650 _aPHARMACOLOGY
700 _a Liu Jen-pei Editor
_9615320
942 _hLZ3, N8
_cTEXL
_2cc
999 _c995851
_d995851